Catalog

Record Details

Catalog Search



Bratři černé planety  Cover Image Book Book

Bratři černé planety / Ludvík Souček ; Il. Theodor Rotrekl

Summary:

Známý autor vědeckofantastických knih pro mládež zpracovává v této knize v podobě čtyř příběhů, plných dobrodružství a záhad, část materiálů klubu Bratrů černé planety, klubu, který se scházel v Paříži v Latinské čtvrti v malékavárničce kolem r. 1902. První příběh je o jetim - sněžném muži z Himálaje, druhý objasňuje nevysvětlitelnou záhadu ztroskotání anglického parníku Rip Van Vinkle, třetí vypráví o výcviku amerických kosmonautů a ve čtvrtém,odehrávajícím se v SSSR, jde o poselství z planety kroužící kolem Tau Velryby.

Record details

  • Physical Description: 179, [1] s. ; 8°
  • Publisher: Praha : Albatros, 1969

Content descriptions

General Note:
Pro čtenáře od 10 let

Available copies

  • 1 of 1 copy available at Common Catalog SPOK.

Holds

  • 0 current holds with 1 total copy.
Show All Copies
Location Call Number / Copy Notes Barcode Shelving Location Status Due Date
Hospic Dobrého Pastýře BE-S
Tematická katagorie: Beletrie (BE)
2045957013565 Knihovna Available -

Electronic resources

Version of Resource: Digitalizovaný dokument


LDR 01436nam a22002651 4500
00129352
003CZ-PrJAB
00520171111201415.0
008971011s1969 xr cze
015 . ‡acnb000495425
020 . ‡q(Váz.)
035 . ‡a(CZ PrNK)bk197001298
035 . ‡a(OCoLC)42121568
040 . ‡aABA001 ‡bcze ‡cULG001 ‡dABA001
080 . ‡a885-93-322.9 ‡2undef
1001 . ‡aSouček, Ludvík, ‡d1926-1978 ‡7jk01120474 ‡4aut
24510. ‡aBratři černé planety / ‡cLudvík Souček ; Il. Theodor Rotrekl
260 . ‡aPraha : ‡bAlbatros, ‡c1969 ‡e(Brno : ‡fG)
300 . ‡a179, [1] s. ; ‡c
4901 . ‡aStřelka ; ‡vSv. 71
500 . ‡aPro čtenáře od 10 let
520 . ‡aZnámý autor vědeckofantastických knih pro mládež zpracovává v této knize v podobě čtyř příběhů, plných dobrodružství a záhad, část materiálů klubu Bratrů černé planety, klubu, který se scházel v Paříži v Latinské čtvrti v malékavárničce kolem r. 1902. První příběh je o jetim - sněžném muži z Himálaje, druhý objasňuje nevysvětlitelnou záhadu ztroskotání anglického parníku Rip Van Vinkle, třetí vypráví o výcviku amerických kosmonautů a ve čtvrtém,odehrávajícím se v SSSR, jde o poselství z planety kroužící kolem Tau Velryby.
830 0. ‡aStřelka
85641. ‡uhttp://kramerius4.nkp.cz/search/handle/uuid:cf54ce10-394e-11e2-b19a-005056827e52 ‡yDigitalizovaný dokument
910 . ‡aBNE702
998 . ‡a000495425
901 . ‡a29352 ‡b ‡c29352 ‡tbiblio

Additional Resources